| 000 | 00467nam a2200193Ia 4500 | ||
|---|---|---|---|
| 003 | 0100 | ||
| 008 | 130307s9999 xx 000 0 und d | ||
| 020 | _a0801827175 (pbk.) | ||
| 040 | _cARRUPELIB | ||
| 050 | _aPE1408.H6836 1982 | ||
| 100 | _aHorton, Susan R | ||
| 245 | _aThinking through writing | ||
| 260 | _aBaltimore : | ||
| 260 | _bJohns Hopkins University Press | ||
| 260 | _cc1982. | ||
| 300 | _ax | ||
| 300 | _b217 p. : ill. 24 cm. | ||
| 942 | 0 | 0 | _01 |
| 999 |
_c100259 _d100259 |
||